000 00453nam a2200181 a 4500
001 1763961452816
003 YourLibrary
005 20251124104853.0
008 251124s2009##################000#0#eng##
020 _a9788184892673
082 0 4 _a616.0277
_bAUD
100 1 _aAudet,
_eauthor.
245 1 0 _aStem Cells In Regenerative Medicine :
260 _c2009.
300 _a458 pages
942 _cENGLISH
040 _aYourLibrary
_beng
_cYourLibrary
999 _c598565
_d598565